Die Deportation von Juden aus Franken nach Riga
| Titel: | Die Deportation von Juden aus Franken nach Riga |
|---|---|
| Verfasser: | |
| In: |
Frankenland, Band 56 (2004), Seite 344-369, Abb. alle Artikel anzeigen |
| Veröffentlicht: | 2004 |
| Format: | Aufsatz |
| Sprache: | Deutsch |
| Hinweise zum Inhalt: |
zusätzliche Angaben
|
X
alg: 39254862 001A $01999:11-11-16 001B $01999:06-04-21 $t20:50:44.000 001C $06050:19-11-16 $t09:15:49.000 001D $01999:11-11-16 001U $0utf8 001X $00 002@ $0Aox 003@ $0392548623 007A $0392548623 $aHEB 007T $0Herdc0049742m 009P $A2 $3zusätzliche Angaben $uhttp://frankenland.franconica.uni-wuerzburg.de/login/data/2004%5F58.pdf#view=FitBV 010@ $ager 011@ $a2004 021A $aDie @Deportation von Juden aus Franken nach Riga 028A $aHübschmann $dEkkehard 031A $d56 $h344-369, Abb. $j2004 037A $aBetr. auch Deportationen nach Theresienstadt, Lublin und Auschwitz 039B $aIn $8--Abvc--. Frankenland. - Würzburg : Frankenbund, 1914-. - ISSN 0015-9905 $x200400000560000656 $9047701935 045F $a900.9437109043 $eDDC23BSB 045F/01 $a900 045F/03 $f09043 045F/03 $f09044 045F/03 $g4371 045F/03 $g438 045F/03 $g4796 045T $a8,1 $a9,10 lok: 39254862 78 exp: 39254862 78 1 #EPN 201B/01 $027-03-18 $t23:18:39.000 201U/01 $0utf8 203@/01 $0788646656 208@/01 $a11-11-16 $be 209A/01 $a/ $f000 $x00 220C/01 $aTitelaufnehmer: pg 220C/01 $aHerkunft: HI Marburg 244Z/01 $2Trx $#Latvija $#Lettland $#Łotwa $#Lotyšsko $8--Trx--Latvija $x01 $9391275879 244Z/01 $#Tschechien $#Tschechische Republik $#Tschechische Republik $#Tschechenland $#Tschechei Tschechien $#Česká Republika $#Czech Republic $#ČR $74303381-7 $8--Tg1--Tschechien $x02 $9086659812 244Z/01 $2Trx $#Böhmen $#Bohemia $#Czechy $8--Trx--Čechy $x03 $9391188941 244Z/01 $2Trx $#Poola $#Lenkija $#Polija $#Polen Land $#Poland $#Lengyelország $#Poľsko $#Polsko $8--Trx--Polska$gkraj $x04 $9391345966 244Z/01 $#Riga $#Rīga $#Ryga $#Riega $#Riga in Lieffland $#Rigae Livonum $#Rygae $#Righa $74050042-1 $8--Tg1--Riga $x05 $9085139726 244Z/01 $#Lublin $#Ljublin $#Lublin, Urza̜d Miejski $#Urza̜d Miejski Lublin $74036418-5 $8--Tg1--Lublin $x06 $908509868X 244Z/01 $#KZ Theresienstadt $#Konzentrationslager Flossenbürg, Außenkommando Theresienstadt $#Getto Theresienstadt $74135801-6 $8--Tb1--Konzentrationslager Theresienstadt $x07 $9085502456 244Z/01 $#Konzentrationslager, Auschwitz $74003697-2 $8--Tb1--Konzentrationslager Auschwitz $x08 $9085001635 244Z/01 $aGeschichte 1941-1944 $x09 244Z/01 $2Trx $#Holokaust 1941-1945 $#Holokaustas 1941-1945 $#Holocaust 1941-1945 $#holocaust 1941-1945 $#holokaust 1941-1945 $#holokaust 1941-1945 $#holokaust 1941-1945 $#Shoah $#Judenvernichtung $#shoah $#shoah $#šoa $8--Trx--Holocaust$g1941-1945 $x10 $9391361090 244Z/01 $2Trx $#juutide tagakiusamine $#žydų persekiojimas $#persecution of Jews $#zsidóüldözés $#prześladowania Żydów $#prenasledovanie Židov $#pronásledování židů $#Pogrome $#Reichspogromnacht $#pogromy $#noc kryształowa 1938 $#pogromy $#pogromy $8--Trx--Judenverfolgung $x11 $9391368877 244Z/01 $2Trx $#deporteerimine $#deportacijos $#deportations $#deportálások fogolyszállítások $#deportacje $#deportácie $#deportace $8--Trx--Deportationen$xGefangenentransporte $x12 $939137429X 244Z/01 $2Trx $8--Trx--Zeitschriftenaufsatz $x13 $9391384341 244Z/01 $2Trx $8--Trx--elektronische Ressource $x14 $939138452X 245Z/01 $a06.04.03 $x01 247C/01 $82080>Marburg/Lahn, Herder-Institut, Forschungsbibliothek, Bibliographieportal $9336309341
| LEADER | 00000caa a22000002c 4500 | ||
|---|---|---|---|
| 001 | 392548623 | ||
| 003 | DE-603 | ||
| 005 | 20210406205044.0 | ||
| 007 | tu | ||
| 008 | 161111s2004 xx |||| | u00||u|ger c | ||
| 035 | |a (DE-599)HEB392548623 | ||
| 040 | |a DE-603 |b ger |c DE-603 |d DE-603 | ||
| 041 | |a ger | ||
| 082 | 0 | 4 | |8 1\u |a 900.9437109043 |q DE-101 |2 23/BSB |
| 084 | |a 8,1 |a 9,10 |2 ssgn | ||
| 085 | |8 1\u |b 900 | ||
| 085 | |8 1\u |z 1 |s 09043 | ||
| 085 | |8 1\u |z 1 |s 09044 | ||
| 085 | |8 1\u |z 2 |s 4371 | ||
| 085 | |8 1\u |z 2 |s 438 | ||
| 085 | |8 1\u |z 2 |s 4796 | ||
| 100 | 1 | |a Hübschmann, Ekkehard | |
| 245 | 0 | 0 | |a Die Deportation von Juden aus Franken nach Riga |
| 264 | 0 | |c 2004 | |
| 500 | |a Betr. auch Deportationen nach Theresienstadt, Lublin und Auschwitz | ||
| 773 | 0 | 8 | |i In |t Frankenland |d Würzburg : Frankenbund, 1914- |h 24 cm |x 0015-9905 |g Band 56 (2004), Seite 344-369, Abb. |w (DE-603)047701935 |w (DE-600)507506-3 |
| 856 | 4 | 2 | |u http://frankenland.franconica.uni-wuerzburg.de/login/data/2004%5F58.pdf#view=FitBV |3 zusätzliche Angaben |
| 924 | 0 | |9 2080 |a (DE-603)788646656 |b DE-2080 |c HES |d d |g / | |


